| 000 | 00455nam a22001817a 4500 | ||
|---|---|---|---|
| 005 | 20230920160407.0 | ||
| 008 | 230911b |||||||| |||| 00| 0 eng d | ||
| 082 |
_a266.933 _bAWA-M |
||
| 100 | _aMuhammad Z.Awan | ||
| 245 | _aMuhammad Missionary Miracles | ||
| 250 | _a1st | ||
| 260 |
_aPakistan _bMy Choice Publishers _c2011 |
||
| 300 | _a142 | ||
| 500 | _aInclude Index | ||
| 650 | _aLiterature/English | ||
| 700 | _aMuhammad Z. Awan | ||
| 999 |
_c33492 _d33492 |
||